000 02236cam a2200181 4500500
005 20260405003121.0
041 _afre
042 _adc
100 1 0 _aAuthier, Jean-Yves
_eauthor
700 1 0 _aBidou, Catherine
_eauthor
245 0 0 _aÉditorial
260 _c2005.
500 _a83
520 _aAprès quelques données sur les soins autour des brûlures réalisés à l’hôpital des enfants du chu de Bordeaux, les auteurs abordent l’accompagnement psychologique des enfants brûlés avec une particularité de présence aux soins. Cette particularité est basée sur un travail d’équipe autour de la prise en compte de la protection de l’enfance, du psychotraumatisme des enfants et de leur famille et met en évidence l’importance du travail de la mémoire, de la sidération de pensées et de la prévention autour du concept du Moi-peau et de son implication dans le développement de l’enfant. C’est à travers de situations cliniques que les auteurs appuieront leur argumentation d’accompagnement et de soutien aux enfants et à leurs familles. L’ouverture du suivi sur un hôpital de jour ou une consultation dédiée en présence d’un psychologue est alors envisagée dans une continuité de soins.
520 _aAfter providing some data on burn care at the Bordeaux University Hospital Children’s Hospital, the authors discuss psychological support for children with burns, with a particular focus on presence during care. This particularity is based on teamwork that takes into account child protection, the psychological trauma of children and their families, and highlights the importance of working on memory, thought paralysis and prevention around the concept of the skin-ego and its involvement in child development. The authors use clinical situations to support their argument for accompanying and supporting children and their families. The possibility of follow-up care in a day hospital or a dedicated consultation with a psychologist is then considered as part of continuity of care.
786 0 _nEspaces et sociétés | 120-121 | 1 | 2005-06-01 | p. 7-14 | 0014-0481
856 4 1 _uhttps://shs.cairn.info/revue-espaces-et-societes-2005-1-page-7?lang=fr&redirect-ssocas=7080
999 _c2064529
_d2064530